El lazarillo de Tormes / (Registro nro. 9197)

Detalles MARC
000 -LEADER
fixed length control field 01221nam a2200349 a 4500
001 - CONTROL NUMBER
control field 000000333
003 - CONTROL NUMBER IDENTIFIER
control field DO-SdBNP
005 - DATE AND TIME OF LATEST TRANSACTION
control field 20180220115128.0
007 - PHYSICAL DESCRIPTION FIXED FIELD--GENERAL INFORMATION
fixed length control field 000000333
008 - FIXED-LENGTH DATA ELEMENTS--GENERAL INFORMATION
fixed length control field 081127s1990 sp a 000 0 spa d
020 ## - INTERNATIONAL STANDARD BOOK NUMBER
International Standard Book Number 8431635460
040 ## - CATALOGING SOURCE
Original cataloging agency BPMSU
Language of cataloging spa
Transcribing agency BPMSU
092 ## - LOCALLY ASSIGNED DEWEY CALL NUMBER (OCLC)
Classification number 863.3
Item number L431t
100 1# - MAIN ENTRY--PERSONAL NAME
Relator code anónimo
245 03 - TITLE STATEMENT
Title El lazarillo de Tormes /
Remainder of title anonimo ; estudio introductorio y compilación de Simón Espinosa.
250 ## - EDITION STATEMENT
Edition statement
260 ## - PUBLICATION, DISTRIBUTION, ETC. (IMPRINT)
Place of publication, distribution, etc. Quito, Ecuador :
Name of publisher, distributor, etc. Libresa,
Date of publication, distribution, etc. 2002
300 ## - PHYSICAL DESCRIPTION
Extent 126 p. :
Dimensions 24 cm.
490 1# - SERIES STATEMENT
Series statement Antares
Volume/sequential designation 27
500 ## - GENERAL NOTE
General note La biblioteca posee las tercera y decimoxesta reimpresiones 1998,2008
505 0# - FORMATTED CONTENTS NOTE
Title Tratado primero. Cuenta Lázaro su vida, y de cuyo hijo fué --
-- Estudio introductorio --
-- Algunos juicios críticos --
-- Cronología --
-- Bibliografía recomendada --
-- Temas para trabajo de los estudiantes --
-- Texto de la obra.
650 #4 - SUBJECT ADDED ENTRY--TOPICAL TERM
Topical term or geographic name as entry element NOVELA ESPAÑOLA
650 #4 - SUBJECT ADDED ENTRY--TOPICAL TERM
Topical term or geographic name as entry element LITERATURA PICARESCA
650 #4 - SUBJECT ADDED ENTRY--TOPICAL TERM
Topical term or geographic name as entry element LITERATURA ESPAÑOLA
700 12 - ADDED ENTRY--PERSONAL NAME
Personal name Espinosa, Simón,
Relator term introd.
700 ## - ADDED ENTRY--PERSONAL NAME
Personal name
Relator term
830 #0 - SERIES ADDED ENTRY--UNIFORM TITLE
Uniform title Antares
Volume number/sequential designation 27
910 ## - USER-OPTION DATA (OCLC)
User-option data
942 ## - ADDED ENTRY ELEMENTS (KOHA)
Source of classification or shelving scheme Dewey Decimal Classification
Koha item type Libros
945 ## - LOCAL PROCESSING INFORMATION (OCLC)
a Inventariado, 2018 /LP
956 ## - LOCAL ELECTRONIC LOCATION AND ACCESS (OCLC)
Host name VMATEO
Access number 10
Compression information 2016
Logon 20160311
Processor of request BPMSU
Existencias
Withdrawn status Lost status Source of classification or shelving scheme Damaged status Not for loan Home library Current library Date acquired Source of acquisition Total Checkouts Barcode Date last seen Price effective from Koha item type
    Dewey Decimal Classification     Biblioteca Pública Metropolitana Salomé Ureña Biblioteca Pública Metropolitana Salomé Ureña 03/11/2016 FUNDI   BPMSU16030077 03/11/2016 03/11/2016 Libros